000 00343 a2200157 4500
001 14465
020 _a9788596009829
040 _cAnchieta - Aquarius
100 _aRichter, Jutta
240 1 0 _aQuando eu fui Maria
_lpor
245 1 0 _aQuando eu fui Maria
300 _a30p.
362 0 _a2017
650 4 _aLiteratura juvenil
942 _cBK
999 _c14465
_d14465